Oscar Seidenberg correspondence and poem, (Record no. 41333)

MARC details
000 -LEADER
fixed length control field 01089cpcaa2200277 a 4500
001 - CONTROL NUMBER
control field mm 79003458
003 - CONTROL NUMBER IDENTIFIER
control field DLC
005 - DATE AND TIME OF LATEST TRANSACTION
control field 20260227111643.0
008 - FIXED-LENGTH DATA ELEMENTS--GENERAL INFORMATION
fixed length control field 791113|||||||||||| eng
010 ## - LIBRARY OF CONGRESS CONTROL NUMBER
LC control number mm 79003458
040 ## - CATALOGING SOURCE
Original cataloging agency DLC
Transcribing agency DLC
Description conventions dacs
Modifying agency DLC
072 #7 - SUBJECT CATEGORY CODE
Subject category code L
Source lcmd
100 1# - MAIN ENTRY--PERSONAL NAME
Personal name Seidenberg, Oscar.
245 00 - TITLE STATEMENT
Title Oscar Seidenberg correspondence and poem,
Inclusive dates undated.
300 ## - PHYSICAL DESCRIPTION
Extent 2
Type of unit items.
506 0# - RESTRICTIONS ON ACCESS NOTE
Terms governing access Open to research.
545 0# - BIOGRAPHICAL OR HISTORICAL DATA
Biographical or historical data Poet.
520 8# - SUMMARY, ETC.
Summary, etc. TLS, written in verse by Seidenberg, addressed to Franklin D. Roosevelt and signed typescript of an ode to Roosevelt by Seidenberg.
546 ## - LANGUAGE NOTE
Language note Collection material in English.
580 ## - LINKING ENTRY COMPLEXITY NOTE
Linking entry complexity note Forms part of: Miscellaneous Manuscripts collection.
600 10 - SUBJECT ADDED ENTRY--PERSONAL NAME
Personal name Roosevelt, Franklin D.
Fuller form of name (Franklin Delano),
Dates associated with a name 1882-1945
Form subdivision Correspondence.
600 10 - SUBJECT ADDED ENTRY--PERSONAL NAME
Personal name Roosevelt, Franklin D.
Fuller form of name (Franklin Delano),
Dates associated with a name 1882-1945
Form subdivision Poetry.
656 #7 - INDEX TERM--OCCUPATION
Occupation Poets.
Source of term itoamc

No items available.

Powered by Koha